MARC details
| 000 -LEADER |
| campo de control de longitud fija |
02229cam a2200337Ia 4500 |
| 001 - NÚMERO DE CONTROL |
| campo de control |
6171430 |
| 005 - FECHA Y HORA DE LA ÚLTIMA TRANSACCIÓN |
| campo de control |
20220326193325.0 |
| 008 - DATOS DE LONGITUD FIJA--INFORMACIÓN GENERAL |
| campo de control de longitud fija |
070413s2007 nyua 000 0 eng d |
| 020 ## - NÚMERO INTERNACIONAL ESTÁNDAR DEL LIBRO |
| Número Internacional Estándar del Libro |
9780870707117 |
| 020 ## - NÚMERO INTERNACIONAL ESTÁNDAR DEL LIBRO |
| Número Internacional Estándar del Libro |
0870707116 (pbk) |
| 035 ## - NÚMERO DE CONTROL DEL SISTEMA |
| Número de control de sistema |
(OCoLC)ocn123085090 |
| 035 ## - NÚMERO DE CONTROL DEL SISTEMA |
| Número de control de sistema |
(OCoLC)123085090 |
| 035 ## - NÚMERO DE CONTROL DEL SISTEMA |
| Número de control de sistema |
(NNC)6171430 |
| 040 ## - FUENTE DE CATALOGACIÓN |
| Centro catalogador/agencia de origen |
ZMC |
| Centro/agencia transcriptor |
ZMC |
| Centro/agencia modificador |
BAKER |
| -- |
OrLoB-B |
| 082 ## - NÚMERO DE LA CLASIFICACIÓN DECIMAL DEWEY |
| Número de clasificación |
759.987 |
| Número de ítem |
E377a |
| 090 ## - LOCALMENTE ASIGNADO TIPO-LC NÚMERO DE CLASIFICACIÓN (OCLC); NÚMERO DE CLASIFICACIÓN LOCAL (RLIN) |
| Número de clasificación (OCLC) (R) ; Numero de clasificación, CALL (RLIN) (NR) |
ND439.R484 |
| Número cutter local (OCLC) ; Número de libro/Signatura topográfica íntegra, CALL (RLIN) |
A76 2007 |
| 100 1# - ENTRADA PRINCIPAL--NOMBRE DE PERSONA |
| Nombre de persona |
Elderfield, John. |
| 9 (RLIN) |
2831 |
| 245 10 - MENCIÓN DEL TÍTULO |
| Título |
Armando Reverón / |
| Mención de responsabilidad, etc. |
John Elderfield, Luis Pérez-Oramas and Nora Lawrence. |
| 260 ## - PUBLICACIÓN, DISTRIBUCIÓN, ETC. |
| Lugar de publicación, distribución, etc. |
New York: |
| Nombre del editor, distribuidor, etc. |
Museum of Modern Art; |
| Lugar de publicación, distribución, etc. |
London: |
| Nombre del editor, distribuidor, etc. |
Thames & Hudson [distributor], |
| Fecha de publicación, distribución, etc. |
©2007 |
| 300 ## - DESCRIPCIÓN FÍSICA |
| Extensión |
240 p.: |
| Otras características físicas |
ill (some col.); |
| Dimensiones |
26 cm. |
| 505 00 - NOTA DE CONTENIDO CON FORMATO |
| Título |
The natural history of Armando Reveron / |
| Mención de responsabilidad |
John Elderfield -- |
| Título |
Armando Reveron and modern art in Latin America / |
| Mención de responsabilidad |
Luis Perez-Oramas -- |
| Título |
Catalogue / |
| Mención de responsabilidad |
Nora Lawrence -- |
| Título |
Early works -- |
| -- |
Early landscapes -- |
| -- |
Portraits of the 1930s -- |
| -- |
Landscapes of the 1940s -- |
| -- |
Figural works of the 1940s -- |
| -- |
Self-portraits -- |
| -- |
Dolls and objects -- |
| -- |
El Castillete -- |
| -- |
Autobiographical statement -- |
| -- |
Interview with Reveron. |
| 520 1# - RESUMEN, ETC. |
| Sumario, etc. |
"This volume celebrates the work of the Venezuelan artist Armando Reveron (1889-1954). This very first publication on Reveron in English accompanies an exhibition at The Museum of Modern Art in early 2007. John Elderfield gives a newly comprehensive account of the artist's development in the context of modern art, while Luis Perez-Oramas places Reveron in relation to Latin American art. More than 100 works - paintings, drawings, and objects - are illustrated in the catalogue, which includes introductory texts by Nora Lawrence. An autobiographical statement by Reveron and an interview with him, a bibliographical note, and an index conclude the publication."--BOOK JACKET. |
| 600 10 - PUNTO DE ACCESO ADICIONAL DE MATERIA--NOMBRE DE PERSONA |
| Nombre de persona |
Reverón, Armando, |
| Fechas asociadas al nombre |
1889-1954 |
| Subdivisión general |
Criticism and interpretation. |
| 9 (RLIN) |
2832 |
| 600 10 - PUNTO DE ACCESO ADICIONAL DE MATERIA--NOMBRE DE PERSONA |
| Nombre de persona |
Reverón, Armando, |
| Fechas asociadas al nombre |
1889-1954 |
| Subdivisión de forma |
Exhibitions. |
| 9 (RLIN) |
2833 |
| 650 #0 - PUNTO DE ACCESO ADICIONAL DE MATERIA--TÉRMINO DE MATERIA |
| Término de materia o nombre geográfico como elemento de entrada |
Painting, Venezuelan |
| Subdivisión de forma |
Exhibitions. |
| 9 (RLIN) |
2834 |
| 700 1# - ENTRADA AGREGADA--NOMBRE PERSONAL |
| Nombre de persona |
Pérez Oramas, Luis, |
| Fechas asociadas al nombre |
1960- |
| 9 (RLIN) |
2835 |
| 700 1# - ENTRADA AGREGADA--NOMBRE PERSONAL |
| Nombre de persona |
Reverón, Armando, |
| Fechas asociadas al nombre |
1889-1954. |
| 9 (RLIN) |
2836 |
| 700 1# - ENTRADA AGREGADA--NOMBRE PERSONAL |
| Nombre de persona |
Lawrence, Nora. |
| 9 (RLIN) |
2837 |
| 900 ## - ELEMENTOS DE DATOS A LOCAL, LDA (RLIN) |
| Numeración |
TOC |
| 948 1# - PROCESAMIENTO DE INFORMACIÓN LOCAL (OCLC); DESIGNADOR DE PARTE DE LA SERIE (RLIN) |
| Designador de la parte de la serie, SPT (RLIN) |
20070503 |
| b (OCLC) |
c |
| c (OCLC) |
rhg9 |
| d (OCLC) |
SCMC |